Welcome to CU Library Online Public Access Catalogue (OPAC)

A HISTORY OF THE EXPANSION OF CHRISTIANITY; (Record no. 6625)

MARC details
000 -LEADER
fixed length control field 00366nam a2200133 4500
005 - DATE AND TIME OF LATEST TRANSACTION
control field 20250623093422.0
008 - FIXED-LENGTH DATA ELEMENTS--GENERAL INFORMATION
fixed length control field u
050 ## - LIBRARY OF CONGRESS CALL NUMBER
Classification number BR1161
Item number LAT
100 ## - MAIN ENTRY--PERSONAL NAME
Personal name LATOURETTE SCOTT KENNETH
245 ## - TITLE STATEMENT
Title A HISTORY OF THE EXPANSION OF CHRISTIANITY;
Remainder of title THE THOUSAND YEARS OF UNCERTAINTY AD;500-A.D
260 ## - PUBLICATION, DISTRIBUTION, ETC.
Place of publication, distribution, etc. MICHIGAN
Name of publisher, distributor, etc. ZONDERVAN
Date of publication, distribution, etc. c1966
300 ## - PHYSICAL DESCRIPTION
Extent ix, 492p
942 ## - ADDED ENTRY ELEMENTS (KOHA)
Source of classification or shelving scheme Library of Congress Classification
Koha item type Books
Suppress in OPAC No
999 ## -
-- 6625
-- 6625
Holdings
Withdrawn status Lost status Source of classification or shelving scheme Damaged status Not for loan Collection Home library Current library Shelving location Date acquired Total checkouts Full call number Barcode Date last seen Copy number Price effective from Koha item type
    Library of Congress Classification     Non-fiction Undergraduate Library (Christ Temple) Undergraduate Library (Christ Temple) General stacks 06/23/2025   BR1161 LAT ulct00003469 06/23/2025 1 06/05/2025 Books
© 2023-2024 Copyright: Central University Libraries. All Rights Reserved | Created by: Mahone Tech Office